Statistics for Country Superlatives - Not the United States

Click here to take the quiz!

General Stats

  • This quiz has been taken 11,807 times
  • The average score is 12 of 20

Answer Stats

Category #2 Country % Correct
Most English speakers (native)United Kingdom
97%
Largest economy at
current exchange rates
China
95%
Military budgetChina
86%
Highest population in the
Western Hemisphere
Brazil
78%
Most English speakers (total)India
77%
Military arms exportsRussia
75%
100 meter dash gold medalsJamaica
71%
Nobel Prizes wonUnited Kingdom
68%
Christian populationBrazil
67%
Most immigrantsGermany
64%
Nuclear power generatedFrance
61%
Modern Olympic games hostedFrance
58%
Natural gas productionRussia
54%
Total length of ski slopesFrance
51%
Major League baseball playersDominican Republic
40%
Swimming gold medalsAustralia
40%
Women’s World Cup titlesGermany
38%
Contributions to UN budgetJapan
37%
Grand Slam tennis titles (Open Era)Australia
35%
Major beauty pageant winsVenezuela
28%

Score Distribution

Percentile by Number Answered

Percent of People with Each Score

Your Score History

You have not taken this quiz